000 01266cam a22003497a 4500
003 CHAP
005 20240209124650.0
008 980309d1997 mx r 00110 spa d
010 _a74842
011 _a75814
035 _a85384
040 _cCHAP
090 _aTesis
100 1 0 _aCruz Crespo, Elia
_929340
245 1 0 _aEvaluación de dos emulsiones de cera y ácido giberélico sobre la calidad y tiempo de comercialización de limón persa
_c/por Elia Cruz Crespo
260 _aChapingo, Méx. :
_bEl autor,
_c1997.
300 _a65 h. :
_bgráfs. ; cuadros
502 _aTesis (Ing. Agroindustrial) -- UACH. Departamento de Ingeniería Agroindustrial
590 _aALEPH
_b10
_c20130110
_lUCH01
_h1421
590 _aBATCH-UPD
_b10
_c20130110
_lUCH01
_h1758
590 _aBATCH-UPD
_b10
_c20130410
_lUCH01
_h1135
590 _aBATCH-UPD
_b10
_c20130914
_lUCH01
_h1725
590 _aCONVERSION
_b10
_c20130109
_lUCH01
_h1341
650 1 4 _aAcido giberelico
_xEfecto en plantas.
_9587
650 1 4 _aLimón persa
_xMercadeo.
_966870
650 1 4 _aLimón
_xConservación.
_966818
901 _aBK
905 _aMayto Villalobos S.
942 _cFOLL
949 _bBC
_cTES
_d33724000586996
_eTS2
_fc.2
_h32160
_i85384
_si
949 _bBC
_cTES
_d853841
_eTS1
_h32159
_i85384
_sb
999 _c74842
_d74842